| 000 | 00360cam a2200133ua 4500 | ||
|---|---|---|---|
| 041 |
_aeng _h |
||
| 082 |
_a822 _bIBS/OX |
||
| 100 | _aIBSEN, . | ||
| 245 |
_aOxford Ibsen: Viking at Helgeland, Loves comedy,pretenders / _cIBSEN. _hTextual Documents |
||
| 260 |
_aLondon : _bOxford university , _c1962. |
||
| 300 | _a378 ; . | ||
| 504 | _a | ||
| 999 |
_c11454 _d11454 |
||